| 000 | 00827nam a2200193 i 4500 | ||
|---|---|---|---|
| 001 | 152764 | ||
| 003 | ES-MaACL | ||
| 005 | 20250824054730.0 | ||
| 008 | 160727s1912 sp |||| | spa d | ||
| 100 | 1 |
_aMundet Álvarez, A. _9160218 |
|
| 245 | 1 | 0 |
_aPrisionero de estado o La corte de Luis XIV : _bdrama histórico en siete actos y nueve cuadros / _coriginal de A. Mundet Alvarez, José Mª Pous. |
| 260 |
_aMadrid : _bSociedad de Autores Españoles, _c1912 ( _eBarcelona : _fEstab. Tip. de Félix Costa) |
||
| 300 |
_a82 p. ; _c19 cm. |
||
| 490 | 1 | _aBiblioteca Teatro mundial | |
| 700 | 1 |
_aPous, José María. _9160219 |
|
| 830 | 0 | 0 |
_aBiblioteca teatro mundial (Sociedad de Autores Españoles) _9187731 |
| 852 |
_aES-MaACL _jD-1760(2) _z-- Enc. hol. _z-- Legado de Modesto de la Fuente |
||
| 999 |
_c152764 _d152764 |
||